| 000 | 00543nam a2200169Ia 4500 | ||
|---|---|---|---|
| 003 | GCL | ||
| 008 | 140319s9999 xx 000 0 ara d | ||
| 040 |
_aGCL / _cGCL |
||
| 082 | 0 | 4 |
_aط _b028.5 _bد م |
| 100 | 1 | _aدار دلفين للنشر | |
| 245 | 1 | 0 |
_aمذكرات قطرة الماء: كراس التطبيق العملى / _cدار دلفين للنشر |
| 490 |
_aاقرأ0 تأمل 0تذكر00ارسم وتعلم _v0 |
||
| 650 | 0 | 4 | _aالاطفال |
| 650 | 0 | 4 | _aالقراءة |
| 650 | 0 | 4 | _aادب الاطفال |
| 942 |
_2ddc _cBK |
||
| 999 |
_c50485 _d50485 |
||